Náklady ako súčasť transformačného procesu vo vybranej účtovnej jednotke bakalárska práca

Uložené v:
Podrobná bibliografia
Hlavný autor: Takáčová, Viktória
Korporativný autor: Fakulta hospodárskej informatiky EU. Katedra účtovníctva a audítorstva
Ďalší autori: Kňažková, Veronika, 1986-
Médium: Kniha
Jazyk:Slovak
Vydavateľské údaje: Bratislava 2024
Tagy: Pridať tag
Žiadne tagy, Buďte prvý, kto otaguje tento záznam!

MARC

LEADER 00000nbm a2200000 4500
001 0302613
005 20250904111358.5
041 0 |a slo 
044 |a SK 
245 1 0 |a Náklady ako súčasť transformačného procesu vo vybranej účtovnej jednotke  |b bakalárska práca  |c Viktória Takáčová ; školiteľ: Veronika Kňažková 
264 1 |a Bratislava  |c 2024 
300 |a 44 s. 
100 1 |a Takáčová, Viktória 
700 1 |a Kňažková, Veronika, 1986- 
710 2 |a Fakulta hospodárskej informatiky EU. Katedra účtovníctva a audítorstva